000 02453 a2200217 4500
003 UA-OsUOA
005 20260320161030.0
008 260320b un ||||| |||| 00| 0 ukr d
020 _a9631424758
040 _bukr
_cUA-OsUOA
080 _a821.161.2-31(439)
090 _a821.161.2-314(439)
_bК80
100 _aКраснагоркаї Л.
_924567
245 _aМеланхолія опору
_bроман
_cЛасло Красногоркаї ; пер. з угор. Олександра Вешелені
300 _a416 с.
520 _aЛауреат Нобелівської премії з літератури 2025 У розпал зими в провінційному угорському містечку химерний цирк розставляє намети й розвішує нічними вулицями афіші — обіцяє показати опудало найбільшого у світі кита і загадкового карлика на ймення Князь. Разом з новинами про дивовижу починають ширитися тривожні чутки, мовляв, циркові працівники прибули з лихими намірами. І коли одні мешканці чіпляються за безпечний затишок дому та звичні ритуали, інші піддаються нестримній жазі до влади… Твори угорського письменника Ласло Краснагоркаї, лауреата Нобелівської премії 2025 та Букерівської премії 2015 року, вже набули статусу класики світової літератури. Їх перекладено на понад 25 мов, серед яких відтепер і українська. «Меланхолія опору» (1989) — це грандіозний роман з суцільним плином тексту без берегів, що одночасно є темним океаном, музикою нескінченності й Космосом.
650 _a821 Художня література окремими мовами і мовними сім'ями
_917
942 _cBK
_2udc
955 _a3
999 _c580146
_d580146